| 000 | 00456cam a2200193 4500 | ||
|---|---|---|---|
| 001 | D12513 | ||
| 008 | 090401t xxu||||| |||| 00| 0 eng d | ||
| 035 | _a(Sirsi) u3909 | ||
| 041 | _aeng | ||
| 100 | _aCreswell, William T. | ||
| 245 | 4 | _aThe law relating to dilapidations and waste | |
| 250 | _a2nd | ||
| 260 |
_aLondon _bThe Builder _cc1938/9 |
||
| 350 | _a0 | ||
| 520 | _aShelf 153 | ||
| 700 | _aGreig, Norman P | ||
| 942 | _n0 | ||
| 948 | _c04/03/1997 | ||
| 999 |
_c85967 _d85967 |
||